Statistics for Top 100 Biggest Cities in Tennessee

Click here to take the quiz!

General Stats

  • This quiz has been taken 40 times
  • The average score is 32 of 100

Answer Stats

Population City % Correct
603,447Nashville
100%
651,835Memphis
100%
170,315Chattanooga
97%
178,322Knoxville
93%
109,140Murfreesboro
83%
132,906Clarksville
73%
63,489Johnson City
70%
41,264Cleveland
67%
31,125Cookeville
67%
62,594Franklin
63%
52,792Kingsport
60%
29,314Oak Ridge
57%
66,871Jackson
57%
26,712Bristol
57%
27,413Maryville
53%
37,084Brentwood
53%
6,297Henderson
53%
5,869Pigeon Forge
47%
26,135Lebanon
47%
29,005Morristown
47%
13,562Athens
47%
45,601Collierville
47%
34,638Columbia
47%
51,319Hendersonville
47%
14,825Sevierville
43%
8,239Jefferson City
40%
10,126Paris
40%
40,357Smyrna
40%
38,833Germantown
40%
13,615McMinnville
37%
17,136Dyersburg
37%
15,042Greeneville
37%
6,345Lynchburg
37%
9,030Covington
33%
10,333Brownsville
33%
10,864Union City
33%
11,151Millington
33%
7,879Pulaski
33%
10,821Crossville
33%
16,444Springfield
33%
56,920Bartlett
33%
20,307Shelbyville
33%
18,636Tullahoma
30%
8,395Humboldt
30%
29,056Spring Hill
30%
7,625Lexington
30%
7,268Dayton
30%
7,851Milan
30%
6,978Savannah
30%
30,338Gallatin
30%
5,949Kingston
30%
11,509Arlington
30%
8,479Alcoa
27%
10,506Lawrenceburg
27%
11,456Martin
27%
8,602Lenoir City
27%
14,638Dickson
23%
5,777Sweetwater
23%
4,859Sparta
23%
14,387Elizabethton
23%
20,702Farragut
23%
11,091Lewisburg
20%
12,916Soddy-Daisy
20%
32,597La Vergne
20%
5,049Jonesborough
20%
5,376Bolivar
20%
24,789Mount Juliet
20%
9,867Clinton
20%
5,380Loudon
20%
10,107Manchester
20%
6,637Oakland
17%
6,782Fayetteville
17%
11,403Portland
17%
6,433Millersville
17%
15,932Goodlettsville
17%
12,423Lakeland
17%
20,982East Ridge
17%
6,359Harriman
17%
5,932Munford
13%
11,647Red Bank
13%
5,950Nolensville
13%
6,093Erwin
13%
8,521Winchester
13%
6,936Newport
13%
10,209White House
13%
7,447La Follette
13%
8,264Signal Mountain
13%
8,363Atoka
13%
8,544Collegedale
10%
7,797Fairview
10%
5,565Rockwood
10%
8,446Ripley
10%
4,842Dunlap
7%
6,736Church Hill
7%
6,452Greenbrier
7%
7,864Hartsville
7%
5,261McKenzie
7%
5,425Mount Carmel
3%
4,812Forest Hills
3%
4,649Whiteville
3%

Score Distribution

Percentile by Number Answered

Percent of People with Each Score

Your Score History

You have not taken this quiz